Quizzes
Events
Quiz Creation
Community
Videos
Private Events
Remove Ads
Sign In
Join for FREE
Feedback
Dark Mode
Quiz Categories
Sports
Geography
Music
Movies
Television
Just For Fun
Miscellaneous
History
Literature
Language
Science
Gaming
Entertainment
Religion
Holiday
For Kids
Quiz Lab
Recent
Popular Today
Quiz Kudos Today
Editor Picks
Curator Picks
Quizzes by...
Day
Popularity
Type
Ratings
Length
Year
Community
Subscriptions
Recent Discussions
Orange Saloon
Badges
Playlists
Quests
Create
Leaderboards
Showdown
Live 5
Trivia Bingo
Activity
Puzzle Library
Sporcle Events
Private Events
Virtual Trivia
Globe League
Become a Host
Pub Owners
SporcleCon
Opinionation
Our Games
Videos
Blog
Mobile Apps
Partnerships
Remove Ads and Go Orange
Feedback
Sports
Athletes
MLB
NBA
NHL
NFL
Soccer
Sports Teams
WWE
NCAA
Football
Premier League
Basketball
Baseball
Hockey
Golf
Tennis
Cricket
Rugby
Auto Racing
Olympics
World Cup
Sports
Athletes
MLB
NBA
NHL
NFL
Soccer
Sports Teams
WWE
NCAA
Football
Premier League
Basketball
Baseball
Hockey
Golf
Tennis
Cricket
Rugby
Auto Racing
Olympics
World Cup
Random Quiz
Search Sporcle
×
Quiz Lab
Quiz Lab
Sports
Soccer
Type in answers that appear in a list
Type in answers that appear in a list
Classic
Best Score? Go Orange.
FA Cup Winners Stats
Can you name all of the FA Cup Winners?
By
zidanesleftfoot
7m
137 Questions
285 Plays
285 Plays
285 Plays
Comments
Comments
Give Quiz Kudos
Give Quiz Kudos
-
- Ratings
hide this ad
Replay
Link that replays current quiz
Next Quiz
Link to next quiz in quiz playlist
You Got
0%
They Got
Avg Score
81%
Avg Friend Score
Upgrade to see
Score Distribution
Jump to the score distribution portion of the page
Score
0/137
Timer
07:00
0
Plays Today
Year
Winners
% Correct
1909
Manchester United
99.3%
1948
Manchester United
99.3%
1963
Manchester United
99.3%
1977
Manchester United
99.3%
1983
Manchester United
99.3%
1985
Manchester United
99.3%
1990
Manchester United
99.3%
1994
Manchester United
99.3%
1996
Manchester United
99.3%
1999
Manchester United
99.3%
2004
Manchester United
99.3%
2016
Manchester United
98.9%
1930
Arsenal
97.9%
1936
Arsenal
97.9%
1950
Arsenal
97.9%
1971
Arsenal
97.9%
1979
Arsenal
97.9%
1993
Arsenal
97.9%
1998
Arsenal
97.9%
2002
Arsenal
97.9%
2003
Arsenal
97.9%
2005
Arsenal
97.9%
2014
Arsenal
97.9%
1904
Manchester City
97.2%
1934
Manchester City
97.2%
1956
Manchester City
97.2%
1965
Liverpool
97.2%
1969
Manchester City
97.2%
1974
Liverpool
97.2%
1986
Liverpool
97.2%
1989
Liverpool
97.2%
1992
Liverpool
97.2%
2001
Liverpool
97.2%
2006
Liverpool
97.2%
2011
Manchester City
97.2%
2015
Arsenal
97%
1970
Chelsea
96.8%
1997
Chelsea
96.8%
2000
Chelsea
96.8%
2007
Chelsea
96.8%
2009
Chelsea
96.8%
2010
Chelsea
96.8%
2012
Chelsea
96.8%
2017
Arsenal
96.7%
2018
Chelsea
96.7%
1906
Everton
92.9%
Year
Winners
% Correct
1933
Everton
92.9%
1966
Everton
92.9%
1984
Everton
92.9%
1995
Everton
92.9%
1901
Tottenham Hotspur
91.9%
1921
Tottenham Hotspur
91.9%
1961
Tottenham Hotspur
91.9%
1962
Tottenham Hotspur
91.9%
1967
Tottenham Hotspur
91.9%
1981
Tottenham Hotspur
91.9%
1982
Tottenham Hotspur
91.9%
1991
Tottenham Hotspur
91.9%
1964
West Ham United
88.7%
1975
West Ham United
88.7%
1980
West Ham United
88.7%
1884
Blackburn Rovers
88.3%
1885
Blackburn Rovers
88.3%
1886
Blackburn Rovers
88.3%
1890
Blackburn Rovers
88.3%
1891
Blackburn Rovers
88.3%
1928
Blackburn Rovers
88.3%
1887
Aston Villa
88%
1895
Aston Villa
88%
1897
Aston Villa
88%
1905
Aston Villa
88%
1913
Aston Villa
88%
1920
Aston Villa
88%
1937
Sunderland
88%
1957
Aston Villa
88%
1973
Sunderland
88%
2013
Wigan Athletic
87.6%
1939
Portsmouth
85.5%
2008
Portsmouth
85.5%
1976
Southampton
82%
1923
Bolton Wanderers
81.3%
1926
Bolton Wanderers
81.3%
1929
Bolton Wanderers
81.3%
1958
Bolton Wanderers
81.3%
1972
Leeds United
79.5%
1896
The Wednesday
79.2%
1907
The Wednesday
79.2%
1935
Sheffield Wednesday
79.2%
1888
West Bromwich Albion
77.7%
1892
West Bromwich Albion
77.7%
1931
West Bromwich Albion
77.7%
1954
West Bromwich Albion
77.7%
Year
Winners
% Correct
1968
West Bromwich Albion
77.7%
1898
Nottingham Forest
77.4%
1959
Nottingham Forest
77.4%
1910
Newcastle United
77%
1924
Newcastle United
77%
1932
Newcastle United
77%
1951
Newcastle United
77%
1952
Newcastle United
77%
1955
Newcastle United
77%
1893
Wolverhampton Wanderers
76.7%
1908
Wolverhampton Wanderers
76.7%
1949
Wolverhampton Wanderers
76.7%
1960
Wolverhampton Wanderers
76.7%
1899
Sheffield United
76%
1902
Sheffield United
76%
1915
Sheffield United
76%
1925
Sheffield United
76%
1988
Wimbledon
76%
1978
Ipswich Town
73.9%
1946
Derby County
73.1%
1953
Blackpool
71.7%
1914
Burnley
71.4%
1927
Cardiff City
69.6%
1889
Preston North End
65.4%
1938
Preston North End
65.4%
1987
Coventry City
65.4%
1947
Charlton Athletic
60.4%
1922
Huddersfield Town
59.4%
1872
Wanderers
54.8%
1873
Wanderers
54.8%
1876
Wanderers
54.8%
1877
Wanderers
54.8%
1878
Wanderers
54.8%
1894
Notts County
53.7%
1874
Oxford University
50.2%
1911
Bradford City
50.2%
1900
Bury
48.4%
1903
Bury
48.4%
1912
Barnsley
46.6%
1875
Royal Engineers
39.2%
1879
Old Etonians
37.8%
1882
Old Etonians
37.8%
1883
Blackburn Olympic
32.2%
1880
Clapham Rovers
26.5%
1881
Old Carthusians
24.7%
Quiz Playlist
Details
Report
Send in Message
Add To Playlist
Classic:
Type in answers that appear in a list
Last Updated: Feb 25, 2019
Quiz Scoreboard
CHALLENGE
Sign Up to Join the Scoreboard
Show All
Scores
Hide
Comments
May contain spoilers
Recently Published
9x9 Crossword: Cartoon Network
by jackfrog10
Miscellaneous
3m
College Basketball Coaching Resumes
by pancakes188
Sports
9m
Billboard Blitz: Fleetwood Mac
by CooCooCachoo
Music
15s
More to Explore
Quiz From the Vault
Featured Blog Post
Where Did the Easter Bunny Come From?
hide this ad
You Might Also Like...
Tags
Football Quiz
Premier League Quiz
Soccer Quiz
England
FA Cup
Football League
Today's Top Quizzes in Sports
Browse Sports
hide this ad
Today's Top Quizzes in Soccer
Browse Soccer
Top Contributed Quizzes in Sports
1
2022 World Cup Stars
2
Les meilleurs buteurs des matchs entre le PSG et l’OM
3
FIFA Club World Cup Champions
4
Les entraîneurs de l'OM et du PSG au 21e siècle
5
Criteria MLB: Left Handed Sluggers
6
AFC Teams Reveal (Wrong Answers Minefield)
7
2023 MLB Unique Player Accomplishments
8
Players with Multiple 50 Home Run Seasons
9
5-to-1: FBS Animal Nicknames
10
5-to-1: UK Sports Teams
Explore More
Trending Topics
Marvel
Harry Potter
Kpop
Crossword
Disney
NBA
Anime
Soccer
Song
NFL
The Office
Country
Puzzle
Pokémon
WWE
hide this ad
More By:
zidanesleftfoot
Quiz
Plays
Rating
Category
Featured
Created
Serie A Winners
7,212
4.33
Sports
May 26, 2014
Ligue 1 Winners
4,485
5.00
Sports
May 26, 2014
National Teams Zidane Scored Against
1,219
4.67
Sports
May 26, 2014
UEFA Champions League/European Cup Runners Up
1,031
4.50
Sports
May 25, 2014
La Liga Winners
689
4.00
Sports
May 26, 2014
Go to Creator's Profile
Score Distribution
Quiz Creator Spotlight
zidanesleftfoot
Follow
Send a Message
Quizzes Created
-
Created Quiz Play Count
-
More By This Creator
Popular Quizzes Today
1
Find the US States - No Outlines Minefield
2
Find the Countries of Europe - No Outlines Minefield
3
The Countries of the World
4
Find the US States
5
Risky Map Clicking: Biggest States A-Z
6
US States
7
Popular People in 1961
8
Movies - When Are They Set?
More Sports Quizzes
Boston Celtics Playoff Opponents
Quiz Lab
Trending Quizzes
Risky Map Clicking: Least Populous States A-Z
1-10 Letter G Words
1-10 Letter F Words
Risky Map Clicking: Next State Alphabetically
Adjectives in 80s TV Shows
Recently Updated
Leaping Animals
pecheneg
Reality TV Shows (A-Z)
bhenderson79
Rickey Henderson's Hall of Fame Teammates
pecheneg
Champions League XIs: Arsenal
pecheneg
Quick Pick: Celebrities in WWE's Hall of Fame
aduchscher
A-Z Keypad Blitz II
pecheneg
Multiple Oscar Actors
pecheneg
Mystery Phrase Blitz: Oscar 'Best Actors'
pecheneg
F. Scott Fitzgerald Novels
LTH
Pick 3 Villains
ddd62291
Trending Topics
Harry Potter
Crossword
Disney
Anime
NBA
Kpop
Marvel
Soccer
Country
Pokémon
The Office
Puzzle
NFL
Song
WWE
Your Account Isn't Verified!
In order to create a playlist on Sporcle, you need to verify the email address you used during registration. Go to your
Sporcle Settings
to finish the process.
Report this User
Report this user for behavior that violates our
Community Guidelines
.
Details:
Send Report
Go to the Sporcle.com Mobile Site →
Comments